Statistics for Names of Countries in the Native Language*

Click here to take the quiz!

General Stats

  • This quiz has been taken 37 times
  • The average score is 14 of 18

Answer Stats

NationTranslation% Correct
BrasilBrazil
100%
ÉireIreland
100%
ItaliaItaly
100%
MéjicoMexico
100%
SoomaaliyaSomalia
100%
SurinamSuriname
100%
MadagasikaraMadagascar
97%
БеларусьBelarus
91%
AyitiHaiti
79%
AotearoaNew Zealand
76%
BelauPalau
74%
इंडियाIndia
71%
المملكة العربية السعوديةSaudi Arabia
71%
台湾Taiwan
71%
PiruwPeru
65%
مصرEgypt
50%
ᑲᓇᑕCanada
29%
फ़िजीFiji
26%

Score Distribution

Percentile by Number Answered

Percent of People with Each Score

Your Score History

You have not taken this quiz